[Event "SR 3. liga A2 2018/2019"]
[Site "?"]
[Date "2019.01.27"]
[Round "7.4"]
[White "Papanek, Lubomir"]
[Black "Rozsas, Daniel"]
[Result "0-1"]
[WhiteElo "1586"]
[BlackElo "1752"]
[PlyCount "120"]
[EventDate "2018.??.??"]

1. d4 d5 2. c4 dxc4 3. e4 e5 4. d5 Nf6 5. Nc3 c6 6. Bxc4 b5 7. Bd3 a6 8. Bg5
Bb4 9. Qb3 Qd6 10. Bxf6 gxf6 11. O-O-O c5 12. a3 Ba5 13. Bxb5+ axb5 14. Nxb5
Qa6 15. Ne2 Bd7 16. Nec3 Bxb5 17. Qxb5+ Qxb5 18. Nxb5 Kd7 19. Rd3 Rg8 20. Rf3
Rg6 21. h4 Bd8 22. g3 Ra5 23. Rb3 Be7 24. Nc3 Na6 25. Rb7+ Nc7 26. Rd1 Kc8 27.
Rb6 Ra6 28. Rc6 f5 29. Rxg6 hxg6 30. exf5 gxf5 31. Re1 e4 32. f3 Bf6 33. Re3
Bxc3 34. Rxc3 exf3 35. Rxf3 Nxd5 36. Rxf5 Ne3 37. Rxc5+ Kd7 38. Rc3 Nf5 39.
Rd3+ Ke7 40. b4 Rg6 41. h5 Rg4 42. Rf3 Nxg3 43. h6 Ne4 44. h7 Rh4 45. Rf4 Rh1+
46. Kc2 Nd6 47. a4 Rxh7 48. b5 Kd7 49. Kb3 Kc7 50. Kb4 Rh5 51. Rf6 Rh4+ 52. Kb3
Rh3+ 53. Kb4 Rh4+ 54. Kb3 Rh5 55. Kb4 Rg5 56. Rh6 Rg4+ 57. Kb3 f5 58. Rh7+ Kb6
59. Rd7 Nb7 60. Re7 Nc5+ 0-1

[Event "SR 3. liga A2 2018/2019"]
[Site "?"]
[Date "2019.01.27"]
[Round "7.5"]
[White "Provaznik, Michal"]
[Black "Takacs, Laszlo"]
[Result "0-1"]
[WhiteElo "2183"]
[BlackElo "2305"]
[PlyCount "104"]
[EventDate "2018.??.??"]

1. e4 c5 2. Nf3 d6 3. d4 cxd4 4. Nxd4 Nf6 5. Nc3 g6 6. Be2 Bg7 7. O-O O-O 8.
Be3 Nc6 9. Qd2 Bd7 10. f3 Rc8 11. Kh1 Ne5 12. g4 Nc4 13. Bxc4 Rxc4 14. Rg1 Qb8
15. Nd5 Nxd5 16. exd5 b5 17. c3 Qb7 18. Ne2 f5 19. g5 Rfc8 20. Nf4 b4 21. Bd4
bxc3 22. Bxc3 Bxc3 23. bxc3 Rxc3 24. Rac1 Rxf3 25. Rxc8+ Bxc8 26. Rc1 Bd7 27.
Kg2 Ra3 28. Rc2 e5 29. Ne2 Be6 30. Nc3 Ra5 31. Rb2 Bxd5+ 32. Kf2 Qc6 33. Ne4
Rc5 34. Nxc5 Qxc5+ 35. Qe3 Qxe3+ 36. Kxe3 Kf7 37. Rb8 f4+ 38. Kf2 Bxa2 39. Rb7+
Ke6 40. Rxa7 Bc4 41. Rxh7 Kf5 42. h4 e4 43. Rd7 Kg4 44. Rxd6 e3+ 45. Ke1 Kg3
46. Rd4 Be6 47. Re4 Bf5 48. Re5 Bg4 49. Re4 f3 50. Rxe3 Kg2 51. Re4 f2+ 52. Kd2
Bf3 0-1

[Event "SR 3. liga A2 2018/2019"]
[Site "?"]
[Date "2019.01.27"]
[Round "7.5"]
[White "Cibulka, Vladimir"]
[Black "Sefcik, Marek"]
[Result "1-0"]
[WhiteElo "2124"]
[BlackElo "2003"]
[PlyCount "55"]
[EventDate "2018.??.??"]

1. e4 d5 2. exd5 Qxd5 3. Nc3 Qd6 4. g3 c6 5. d4 Nf6 6. Bf4 Qb4 7. Rb1 Nd5 8.
Qd2 Nxf4 9. Qxf4 Be6 10. Nf3 f6 11. a3 Qa5 12. Qe3 Kf7 13. Bg2 Na6 14. O-O Nc7
15. Rfe1 Bd7 16. Qd3 Qa6 17. Qe4 e6 18. Qf4 Nd5 19. Nxd5 cxd5 20. Ng5+ Kg6 21.
Qc7 Bc8 22. Bf1 b5 23. Nf7 Rg8 24. Bd3+ f5 25. Ne5+ Kh6 26. Qf7 Rh8 27. Be2 g6
28. Qf6 1-0

[Event "SR 3. liga A2 2018/2019"]
[Site "?"]
[Date "2019.01.27"]
[Round "7.5"]
[White "Jakubec, Milan"]
[Black "Bugar, Peter"]
[Result "1/2-1/2"]
[WhiteElo "2007"]
[BlackElo "1992"]
[PlyCount "120"]
[EventDate "2018.??.??"]

1. e4 e6 2. d4 d5 3. exd5 exd5 4. Bd3 c5 5. Qe2+ Be7 6. dxc5 Nf6 7. Nf3 O-O 8.
O-O Bxc5 9. c3 Bg4 10. h3 Re8 11. Qd1 Bh5 12. Bg5 Nc6 13. Nbd2 Ne5 14. Be2 Qd6
15. Bxf6 Qxf6 16. Nxe5 Bxe2 17. Qxe2 Rxe5 18. Qd3 Rf5 19. Nf3 g5 20. Rae1 h5
21. Nd4 Bxd4 22. Qxd4 Qxd4 23. cxd4 Kf8 24. Rc1 Rf4 25. Rfd1 Re8 26. g3 Rf5 27.
Rd2 h4 28. Rc7 hxg3 29. fxg3 Re3 30. Kh2 Rff3 31. Rg2 f5 32. Rxb7 f4 33. Rc2
Rxg3 34. Rc8+ Re8 35. Rxe8+ Kxe8 36. Rb5 g4 37. hxg4 Rxg4 38. Rxd5 f3 39. Rb5
Rxd4 40. Kg3 Rd2 41. Kxf3 Kd8 42. Ke3 Rh2 43. Kd4 Kc7 44. a3 Kc6 45. Rc5+ Kb6
46. b4 Rh4+ 47. Kc3 Rh3+ 48. Kb2 Rh2+ 49. Kb3 Rh3+ 50. Ka4 Rg3 51. Rh5 a6 52.
Rh6+ Kb7 53. Rh2 Kb6 54. Rb2 Rh3 55. Rb3 Rh1 56. Rg3 Rh5 57. Kb3 a5 58. Ka4
axb4 59. Rg6+ Kb7 60. axb4 Rf5 1/2-1/2

[Event "SR 3. liga A2 2018/2019"]
[Site "?"]
[Date "2019.01.27"]
[Round "7.5"]
[White "Rachela, Jozef"]
[Black "Horak, Ivan"]
[Result "1/2-1/2"]
[WhiteElo "2036"]
[BlackElo "1984"]
[PlyCount "35"]
[EventDate "2018.??.??"]

1. Nf3 d5 2. g3 Nf6 3. Bg2 e6 4. c4 c6 5. cxd5 exd5 6. O-O Be7 7. Qc2 O-O 8.
Nc3 Re8 9. d4 Bg4 10. a3 Nbd7 11. b4 Bd6 12. Be3 Nb6 13. Nd2 Qc8 14. Rfe1 Bh3
15. Bg5 Bxg2 16. Kxg2 Be7 17. e3 Qg4 18. Bxf6 1/2-1/2

[Event "SR 3. liga A2 2018/2019"]
[Site "?"]
[Date "2019.01.27"]
[Round "7.5"]
[White "Hirmajer, Jan"]
[Black "Matis, Tibor"]
[Result "1-0"]
[WhiteElo "1875"]
[BlackElo "1846"]
[PlyCount "103"]
[EventDate "2018.??.??"]

1. d4 Nf6 2. Nf3 e6 3. g3 c5 4. Bg2 Nc6 5. O-O d5 6. c3 Be7 7. dxc5 Bxc5 8. b4
Be7 9. a4 O-O 10. Bf4 Ne4 11. Nd4 Nd6 12. Nxc6 bxc6 13. Bxd6 Bxd6 14. e4 Be5
15. exd5 cxd5 16. Qb3 Qc7 17. Rc1 Rb8 18. Nd2 Bd7 19. Nf3 Bf6 20. Nd4 Rfc8 21.
Qd1 Qb6 22. a5 Qc7 23. Bf1 Bxd4 24. Qxd4 Bb5 25. Bxb5 Rxb5 26. a6 Qb6 27. Qd3
Rc4 28. Rcb1 g6 29. h4 Qc7 30. Rb3 h5 31. Qe3 Qb6 32. Qd3 e5 33. Rba3 Rg4 34.
Ra5 Rxa5 35. Rxa5 e4 36. Qd4 Qxd4 37. cxd4 e3 38. fxe3 Rxg3+ 39. Kf2 Rh3 40.
Rxd5 Rh2+ 41. Kf3 Rb2 42. Rd8+ Kg7 43. Rb8 Kf6 44. b5 Ra2 45. Rb7 Ra5 46. Rxa7
Rxb5 47. Rb7 Ra5 48. a7 Ke6 49. Kf4 f6 50. d5+ Kxd5 51. Rb5+ Rxb5 52. a8=Q+ 1-0

[Event "SR 3. liga A2 2018/2019"]
[Site "?"]
[Date "2019.01.27"]
[Round "7.5"]
[White "Rachela, Robert"]
[Black "Chabada, Tomas"]
[Result "0-1"]
[WhiteElo "1910"]
[BlackElo "1986"]
[PlyCount "70"]
[EventDate "2018.??.??"]

1. e4 e5 2. Nf3 Nc6 3. Bb5 a6 4. Ba4 Nf6 5. O-O Be7 6. Re1 b5 7. Bb3 d6 8. h3
Na5 9. c3 Nxb3 10. Qxb3 O-O 11. d3 Be6 12. Qd1 Nd7 13. Nbd2 Nc5 14. Nf1 f5 15.
exf5 Bxf5 16. d4 Nd3 17. Re2 e4 18. Ne1 Nxc1 19. Rxc1 d5 20. Nc2 Bd6 21. Nce3
Be6 22. Ng3 Qg5 23. Nef1 Bf4 24. Rcc2 h5 25. Qe1 h4 26. Nh1 Bxh3 27. g3 Bxf1
28. Qxf1 hxg3 29. Qg2 gxf2+ 30. Nxf2 Qxg2+ 31. Kxg2 Rf6 32. Ng4 Rg6 33. Kh3 Kf7
34. Ne5+ Bxe5 35. Rf2+ Ke6 0-1

[Event "SR 3. liga A2 2018/2019"]
[Site "?"]
[Date "2019.01.27"]
[Round "7.5"]
[White "Husek, Lubomir"]
[Black "Mezes, Kristof"]
[Result "1-0"]
[WhiteElo "1875"]
[BlackElo "1673"]
[PlyCount "91"]
[EventDate "2018.??.??"]

1. e4 e6 2. d4 d5 3. e5 c5 4. c3 Nc6 5. Nf3 Qb6 6. a3 a5 7. Bd3 Bd7 8. Bc2 Qa6
9. Bd3 Qb6 10. Be2 cxd4 11. cxd4 Nge7 12. Nc3 Nf5 13. Na4 Qa7 14. Be3 Nxe3 15.
fxe3 Be7 16. O-O O-O 17. Kh1 b6 18. Nc3 Qb7 19. Bd3 h6 20. e4 dxe4 21. Bxe4
Rad8 22. Qe2 Qb8 23. Rad1 Na7 24. Bb1 Bc6 25. Qd3 g6 26. Qe3 Kh7 27. Qf4 Nb5
28. Nxb5 Bxb5 29. Rfe1 Qb7 30. Qg3 Bc6 31. Rf1 Rd7 32. Rf2 Bxf3 33. Rxf3 Bc5
34. Rdf1 Rxd4 35. Rxf7+ Rxf7 36. Qxg6+ Kh8 37. Qxh6+ Kg8 38. Qxe6 Qd7 39. Qg6+
Rg7 40. Ba2+ Rd5 41. Qe4 Kh8 42. Bxd5 Qe7 43. Qf5 Qg5 44. Qc8+ Kh7 45. Be4+ Kh6
46. Qh8+ 1-0

[Event "SR 3. liga A2 2018/2019"]
[Site "?"]
[Date "2019.01.27"]
[Round "7.5"]
[White "Kiss, Balazs"]
[Black "Hrubos, Milan"]
[Result "0-1"]
[WhiteElo "1382"]
[BlackElo "1754"]
[PlyCount "96"]
[EventDate "2018.??.??"]

1. e4 e5 2. Nf3 Nc6 3. Bc4 Bc5 4. O-O Nf6 5. Nc3 O-O 6. d3 h6 7. h3 d6 8. a3 a6
9. Ne2 Be6 10. Bxe6 fxe6 11. c3 Ba7 12. Ng3 b5 13. b4 Rc8 14. Nh2 Qe8 15. Ng4
Qg6 16. Be3 Nxg4 17. hxg4 Bxe3 18. fxe3 Rxf1+ 19. Nxf1 Rf8 20. Ng3 Qg5 21. Qe2
Nb8 22. Rd1 Nd7 23. Nf1 Nf6 24. Nh2 d5 25. Rd2 dxe4 26. d4 Nd5 27. Qe1 Nxe3 28.
Re2 exd4 29. cxd4 Nxg4 30. Nxg4 Qxg4 31. Rxe4 Rf4 32. Rxf4 Qxf4 33. Qxe6+ Kf8
34. Qxa6 Qxd4+ 35. Kh2 Qd6+ 36. Qxd6+ cxd6 37. Kg3 Ke7 38. Kf4 Ke6 39. Ke4 g5
40. g4 d5+ 41. Kd4 Kd6 42. Ke3 Ke5 43. Kd3 d4 44. Kd2 Ke4 45. a4 bxa4 46. b5
Kd5 47. Kd3 a3 48. b6 Kc6 0-1

[Event "SR 3. liga A2 2018/2019"]
[Site "?"]
[Date "2019.01.27"]
[Round "7.6"]
[White "Banas, Jan"]
[Black "Sturdik, Igor"]
[Result "1-0"]
[WhiteElo "2215"]
[BlackElo "1980"]
[PlyCount "59"]
[EventDate "2018.??.??"]

1. c4 e5 2. Nc3 Nc6 3. Nf3 Nf6 4. e3 d5 5. cxd5 Nxd5 6. Bb5 Nxc3 7. bxc3 Bd6 8.
d4 exd4 9. cxd4 O-O 10. O-O Bd7 11. e4 Re8 12. Bd3 Bg4 13. Be3 Bf8 14. e5 Qd5
15. Bxh7+ Kh8 16. Bc2 Rad8 17. Qd3 g6 18. Bb3 Qd7 19. Qe4 f5 20. Qf4 Bxf3 21.
Qxf3 Nxd4 22. Bxd4 Qxd4 23. Bf7 Qxe5 24. Bxe8 Rxe8 25. Qxb7 Bd6 26. g3 Bc5 27.
Kg2 g5 28. Rae1 Qxe1 29. Rxe1 Rxe1 30. Qc8+ 1-0

[Event "SR 3. liga A2 2018/2019"]
[Site "?"]
[Date "2019.01.27"]
[Round "7.6"]
[White "Mosny, Jaroslav"]
[Black "Liptak, Tomas"]
[Result "0-1"]
[WhiteElo "1893"]
[BlackElo "2208"]
[PlyCount "49"]
[EventDate "2018.??.??"]

1. d4 f5 2. g3 Nf6 3. Bg2 e6 4. Nf3 d6 5. O-O Be7 6. c4 O-O 7. Nc3 Qe8 8. Re1
Ne4 9. Qc2 Nxc3 10. bxc3 Qh5 11. e4 Rf7 12. e5 Nc6 13. d5 Nxe5 14. Nxe5 dxe5
15. Rxe5 Bf6 16. Re1 e5 17. f4 e4 18. Be3 Rd7 19. Rad1 Qf7 20. Bf1 b6 21. c5
Rd8 22. Bb5 Kh8 23. Ba4 Qf8 24. cxb6 axb6 25. Bc6 {biely time} 0-1

[Event "SR 3. liga A2 2018/2019"]
[Site "?"]
[Date "2019.01.27"]
[Round "7.6"]
[White "Kovacocy, Pavol"]
[Black "Doucha, Ludvig"]
[Result "1-0"]
[WhiteElo "2273"]
[BlackElo "1831"]
[PlyCount "55"]
[EventDate "2018.??.??"]

1. e4 e5 2. Nf3 Nc6 3. Bc4 Be7 4. c3 Nf6 5. d3 O-O 6. Bb3 d6 7. Nbd2 Na5 8. Bc2
c5 9. a3 Nc6 10. b4 Qc7 11. Nf1 Re8 12. Ne3 h6 13. O-O Bf8 14. Nh4 g6 15. Bb3
Kh7 16. f4 Bg7 17. f5 g5 18. Nf3 a5 19. b5 Nd8 20. h3 b6 21. Nd5 Nxd5 22. Bxd5
Bb7 23. Nxg5+ Kh8 24. f6 Bf8 25. Qh5 Bxd5 26. exd5 Qd7 27. Ne4 Kh7 28. Bxh6 1-0

[Event "SR 3. liga A2 2018/2019"]
[Site "?"]
[Date "2019.01.27"]
[Round "7.6"]
[White "Bahna, Jan"]
[Black "Sarmir, Milos"]
[Result "0-1"]
[WhiteElo "1841"]
[BlackElo "2089"]
[PlyCount "84"]
[EventDate "2018.??.??"]

1. e4 e5 2. Nf3 Nc6 3. Bb5 a6 4. Ba4 Nf6 5. O-O Be7 6. Re1 b5 7. Bb3 d6 8. c3
O-O 9. h3 Na5 10. Bc2 c5 11. d4 Qc7 12. Nbd2 Bd7 13. d5 c4 14. Nf1 Nb7 15. Ng3
a5 16. a3 Nc5 17. Be3 Rab8 18. Rc1 Rfc8 19. Qd2 Ne8 20. Bg5 f6 21. Be3 Qb7 22.
Nh4 b4 23. axb4 axb4 24. Nhf5 Bf8 25. f4 bxc3 26. bxc3 Nb3 27. Bxb3 cxb3 28.
Rb1 g6 29. Nh4 exf4 30. Bxf4 g5 31. Bxg5 fxg5 32. Qxg5+ Ng7 33. Nh5 Be8 34.
Nf6+ Kh8 35. Rf1 Be7 36. Qh6 Bxf6 37. Rxf6 Bh5 38. Rxd6 Qe7 39. Nf5 Nxf5 40.
exf5 Rg8 41. Re6 Qa7+ 42. Qe3 Qa2 0-1

[Event "SR 3. liga A2 2018/2019"]
[Site "?"]
[Date "2019.01.27"]
[Round "7.6"]
[White "Vagovsky, Jozef"]
[Black "Krist, Milan"]
[Result "1/2-1/2"]
[WhiteElo "1776"]
[BlackElo "1774"]
[PlyCount "98"]
[EventDate "2018.??.??"]

1. Nf3 d5 2. d4 Nf6 3. Bf4 e6 4. e3 Bd6 5. Ne5 O-O 6. Nd2 c5 7. dxc5 Bxc5 8. c3
Nc6 9. Be2 Bd6 10. Ndf3 Qc7 11. Nd3 e5 12. Ndxe5 Nxe5 13. Bg5 Be6 14. Nd4 a6
15. Bxf6 gxf6 16. f4 Nc4 17. Bxc4 dxc4 18. f5 Bd5 19. Qg4+ Kh8 20. O-O-O Rg8
21. Qh4 Be5 22. e4 Bf4+ 23. Kb1 Bg5 24. Qg4 Be3 25. Qh4 Bg5 26. Qg4 Bc6 27. Qf3
Qf4 28. Nxc6 bxc6 29. Qxf4 Bxf4 30. g3 Be5 31. Rd7 Rab8 32. Kc2 Rg4 33. Re1 Kg7
34. Ra7 h5 35. Re2 h4 36. gxh4 Rxh4 37. Rxa6 Rc8 38. Ra4 Rxh2 39. Rxh2 Bxh2 40.
Rxc4 Kf8 41. Rd4 Ke7 42. Rd1 Rg8 43. b4 Bf4 44. a4 Rg2+ 45. Kb3 Re2 46. Rd4 Re1
47. Rc4 Kd7 48. a5 Kc7 49. Ka2 Rd1 1/2-1/2

[Event "SR 3. liga A2 2018/2019"]
[Site "?"]
[Date "2019.01.27"]
[Round "7.6"]
[White "Klanica, Anton"]
[Black "Bohunicky, Ivan"]
[Result "1/2-1/2"]
[WhiteElo "1776"]
[BlackElo "1924"]
[PlyCount "59"]
[EventDate "2018.??.??"]

1. e4 d5 2. exd5 Nf6 3. Nc3 Nxd5 4. Nxd5 Qxd5 5. Qf3 Qe5+ 6. Qe3 Qxe3+ 7. dxe3
g6 8. Bc4 Bg7 9. c3 O-O 10. Ne2 Nd7 11. Nd4 a6 12. O-O Ne5 13. Be2 Bd7 14. Rb1
c5 15. Nf3 Bf5 16. Ra1 Nd3 17. Nh4 Nxc1 18. Raxc1 Be4 19. Rfd1 Bf6 20. Nf3 Rfd8
21. Rxd8+ Rxd8 22. Rd1 $11 Rxd1+ 23. Bxd1 b5 24. Nd2 Bd3 25. Nb3 c4 26. Nc5 a5
27. Nxd3 cxd3 28. Kf1 b4 29. cxb4 axb4 30. Ke1 1/2-1/2

[Event "SR 3. liga A2 2018/2019"]
[Site "?"]
[Date "2019.01.27"]
[Round "7.6"]
[White "Vlkovic, Pavol"]
[Black "Suchan, Jozef"]
[Result "1-0"]
[WhiteElo "1824"]
[BlackElo "1740"]
[PlyCount "43"]
[EventDate "2018.??.??"]

1. e4 e5 2. Nf3 Nc6 3. Bc4 Nf6 4. d3 Bc5 5. c3 Be7 6. O-O O-O 7. h3 a6 8. a4 d5
9. exd5 Nxd5 10. Re1 Bf6 11. Nbd2 Nb6 12. Ne4 Nxc4 13. dxc4 Re8 14. Qe2 Bf5 15.
Rd1 Qe7 16. b3 Rad8 17. Rxd8 Rxd8 18. Nxf6+ Qxf6 19. Bg5 Qg6 20. Bxd8 Bd3 21.
Qe3 Nxd8 22. Nxe5 1-0

[Event "SR 3. liga A2 2018/2019"]
[Site "?"]
[Date "2019.01.27"]
[Round "7.6"]
[White "Drahos, Miroslav"]
[Black "Hornak, Pavol"]
[Result "1/2-1/2"]
[WhiteElo "1707"]
[BlackElo "1770"]
[PlyCount "132"]
[EventDate "2018.??.??"]

1. e4 c5 2. c3 d5 3. exd5 Qxd5 4. d4 cxd4 5. cxd4 e6 6. Nf3 Nf6 7. Nc3 Qd8 8.
Bd3 Be7 9. O-O O-O 10. Be3 Nc6 11. Rc1 Nb4 12. Bb1 b6 13. a3 Nbd5 14. Nxd5 Nxd5
15. Qd3 g6 16. Bh6 Re8 17. Rfd1 Bb7 18. Ne5 Nf6 19. Qe3 Qd6 20. Ba2 Bf8 21. Bf4
Nd5 22. Bxd5 Qxd5 23. f3 Bg7 24. Rc7 f6 25. Rd7 Qb5 26. Rxb7 fxe5 27. Bxe5 Bxe5
28. Qxe5 Qxe5 29. dxe5 Reb8 30. Rdd7 Rxb7 31. Rxb7 Rc8 32. Rxa7 Rc1+ 33. Kf2
Rc2+ 34. Kg3 Rxb2 35. a4 Rb4 36. h3 h6 37. h4 h5 38. a5 bxa5 39. Rxa5 Rb7 40.
Ra6 Re7 41. Kh3 Kf7 42. g4 hxg4+ 43. Kxg4 Kg7 44. Kg5 Rf7 45. f4 Re7 46. Rb6
Kf7 47. Kh6 Rd7 48. Rd6 Re7 49. Rd1 Rc7 50. Rg1 Rc4 51. Rg4 Rd4 52. h5 gxh5 53.
Kxh5 Rc4 54. Kg5 Rc1 55. Kh4 Rc4 56. Kg3 Rc3+ 57. Kf2 Ra3 58. Rg1 Rb3 59. Re1
Ra3 60. Rg1 Rb3 61. Rg4 Ra3 62. Kg2 Ra2+ 63. Kg3 Ra3+ 64. Kh4 Ra8 65. Rg5 Ra1
66. Rg3 Ra8 1/2-1/2

[Event "SR 3. liga A2 2018/2019"]
[Site "?"]
[Date "2019.02.10"]
[Round "8.1"]
[White "Kolenak, Matus"]
[Black "Bisco, Igor"]
[Result "1/2-1/2"]
[WhiteElo "1974"]
[BlackElo "2027"]
[PlyCount "67"]
[EventDate "2018.??.??"]

1. Nf3 Nf6 2. d4 g6 3. g3 Bg7 4. Bg2 O-O 5. O-O d6 6. c4 Nbd7 7. Nc3 c6 8. e4
Qc7 9. h3 e5 10. Be3 Re8 11. d5 c5 12. Qd2 Kh8 13. Bh6 Ng8 14. Bxg7+ Kxg7 15.
Ne1 f6 16. Nd3 a6 17. f4 exf4 18. gxf4 Nb6 19. b3 Bd7 20. Rae1 Nc8 21. e5 dxe5
22. fxe5 fxe5 23. Rxe5 Rxe5 24. Qf4 Bf5 25. Nxe5 Nd6 26. Kh2 Re8 27. Nf3 Nh6
28. Re1 Rxe1 29. Nxe1 Qe7 30. Nf3 Nhf7 31. Nh4 Qe5 32. Qxe5+ Nxe5 33. Nxf5+
gxf5 34. Na4 1/2-1/2

[Event "SR 3. liga A2 2018/2019"]
[Site "?"]
[Date "2019.02.10"]
[Round "8.1"]
[White "Starzec, Juraj"]
[Black "Sturdik, Igor"]
[Result "0-1"]
[WhiteElo "1962"]
[BlackElo "1963"]
[PlyCount "74"]
[EventDate "2018.??.??"]

1. e4 Nf6 2. e5 Nd5 3. d4 d6 4. c4 Nb6 5. exd6 exd6 6. Be3 Be7 7. Bd3 Nc6 8. a3
Bf6 9. Ne2 Bg4 10. h3 Bh5 11. Qd2 Bg6 12. O-O O-O 13. b4 a6 14. Ra2 Re8 15. Rc2
Bxd3 16. Qxd3 d5 17. Nd2 dxc4 18. Nxc4 Ne5 19. Nxe5 Bxe5 20. Rd1 Bd6 21. d5 Qh4
22. Bxb6 cxb6 23. Rc4 Qe7 24. Nd4 Rad8 25. Nf5 Qe1+ 26. Qf1 Qxf1+ 27. Kxf1 Bb8
28. d6 Rd7 29. Re1 Red8 30. Rc8 Rxc8 31. Ne7+ Rxe7 32. dxe7 Re8 33. Rd1 f6 34.
Rd7 Be5 35. Rxb7 Bd4 36. Rd7 Bb2 37. Rb7 b5 0-1

[Event "SR 3. liga A2 2018/2019"]
[Site "?"]
[Date "2019.02.10"]
[Round "8.1"]
[White "Mosny, Jaroslav"]
[Black "Slamka, Michal"]
[Result "1/2-1/2"]
[WhiteElo "1880"]
[BlackElo "1766"]
[PlyCount "39"]
[EventDate "2018.??.??"]

1. d4 e6 2. Nf3 Nf6 3. e3 d5 4. Bd3 c5 5. b3 cxd4 6. exd4 Nc6 7. O-O Bd6 8. Bb2
Qc7 9. a3 a6 10. Nbd2 b5 11. Qe2 Bb7 12. Ne5 O-O 13. f4 Nd7 14. Rae1 Rac8 15.
Rf3 f5 16. Rh3 Nf6 17. Ndf3 Bxe5 18. Nxe5 Nxe5 19. Qxe5 Qxe5 20. Rxe5 1/2-1/2

[Event "SR 3. liga A2 2018/2019"]
[Site "?"]
[Date "2019.02.10"]
[Round "8.1"]
[White "Gajarsky, Roman"]
[Black "Bahna, Jan"]
[Result "1-0"]
[WhiteElo "1808"]
[BlackElo "1838"]
[PlyCount "61"]
[EventDate "2018.??.??"]

1. e4 e5 2. Nf3 Nc6 3. d4 exd4 4. Nxd4 Nf6 5. f3 Bc5 6. c3 O-O 7. Bg5 h6 8. Bh4
Re8 9. Nxc6 bxc6 10. Bd3 d5 11. Nd2 Rb8 12. Qc2 Bd7 13. O-O-O Be7 14. Bf2 Bd6
15. g3 Qe7 16. Rhe1 Be6 17. e5 Ba3 18. Nb3 Nd7 19. bxa3 Qxa3+ 20. Qb2 Qxb2+ 21.
Kxb2 c5 22. Bc2 c4 23. f4 cxb3 24. axb3 g6 25. Ra1 Nb6 26. Rxa7 Rec8 27. Rea1
Kf8 28. Bc5+ Ke8 29. Bd3 Nd7 30. Bf2 Kd8 31. Ba6 1-0

[Event "SR 3. liga A2 2018/2019"]
[Site "?"]
[Date "2019.02.10"]
[Round "8.1"]
[White "Krist, Milan"]
[Black "Barca, Michal"]
[Result "1-0"]
[WhiteElo "1787"]
[BlackElo "1749"]
[PlyCount "165"]
[EventDate "2018.??.??"]

1. d4 Nf6 2. c4 e6 3. Nc3 b6 4. Nf3 Bb7 5. Bg5 Be7 6. e3 d6 7. Be2 O-O 8. O-O
Nbd7 9. Rb1 e5 10. Qc2 Re8 11. dxe5 Nxe5 12. Nxe5 dxe5 13. Rfd1 Qc8 14. h3 Qe6
15. Bxf6 Qxf6 16. Nb5 Bd6 17. Nxd6 cxd6 18. Rd2 Red8 19. Rbd1 g6 20. Qc3 Kf8
21. Qa3 Ke7 22. b4 a6 23. c5 d5 24. b5 bxc5 25. Qxc5+ Qd6 26. Qxd6+ Rxd6 27.
bxa6 Bxa6 28. Bxa6 Raxa6 29. Rxd5 Rxd5 30. Rxd5 Rxa2 31. Rxe5+ Kf6 32. Rb5 h5
33. g3 Ra1+ 34. Kg2 Ra4 35. Rd5 Ke6 36. Rb5 f5 37. Rb6+ Kf7 38. h4 Re4 39. Kf3
Kg7 40. Rd6 Kf7 41. Rd4 Re6 42. e4 fxe4+ 43. Rxe4 Rb6 44. Kf4 Rf6+ 45. Ke3 Rb6
46. Rf4+ Kg7 47. Rd4 Kf7 48. Rd5 Rb3+ 49. Ke4 Rb4+ 50. Rd4 Rb5 51. Rd5 Rb4+ 52.
Ke5 Rb2 53. Rd7+ Kf8 54. f3 Rb3 55. Ke4 Rb4+ 56. Rd4 Rb5 57. g4 g5 58. hxg5
hxg4 59. f4 g3 60. Kf3 Rb3+ 61. Kg2 Ke7 62. Re4+ Kf7 63. f5 Rb1 64. Kxg3 Rg1+
65. Kf4 Rf1+ 66. Ke5 Rg1 67. g6+ Kg7 68. Ke6 Rf1 69. Ke5 Rf2 70. Rc4 Re2+ 71.
Kf4 Rf2+ 72. Kg4 Rg2+ 73. Kf3 Rg5 74. Kf4 Rg1 75. Rc7+ Kg8 76. Ke5 Re1+ 77. Kf6
Re8 78. Re7 Rf8+ 79. Kg5 Rb8 80. Kh6 Kh8 81. f6 Kg8 82. f7+ Kf8 83. Re8+ 1-0

[Event "SR 3. liga A2 2018/2019"]
[Site "?"]
[Date "2019.02.10"]
[Round "8.1"]
[White "Janas, Peter"]
[Black "Klanica, Anton"]
[Result "0-1"]
[WhiteElo "1710"]
[BlackElo "1790"]
[PlyCount "155"]
[EventDate "2018.??.??"]

1. d4 Nf6 2. Nf3 g6 3. c4 d6 4. Nc3 Bg7 5. g3 O-O 6. Bg2 c6 7. O-O Bg4 8. h3
Bxf3 9. Bxf3 Nbd7 10. Re1 Re8 11. e4 e5 12. d5 c5 13. Be3 Qc8 14. Kh2 Rf8 15.
Qd2 Kh8 16. Bg2 Ng8 17. Rab1 b6 18. Nb5 Qb8 19. f4 a6 20. Nc3 Qc7 21. f5 h6 22.
Rf1 g5 23. Bf3 Ndf6 24. Qe2 Nh7 25. Rg1 Qe7 26. Rbf1 Rab8 27. Rf2 Rb7 28. Rfg2
Rfb8 29. a4 Qd8 30. Kh1 Bf6 31. h4 Qe7 32. Rh2 Kg7 33. Qg2 b5 34. axb5 axb5 35.
Nxb5 Ra8 36. Qh3 Qd8 37. hxg5 Bxg5 38. Bc1 Ra1 39. Bxg5 Rxg1+ 40. Kxg1 Nxg5 41.
Qh5 Rb6 42. Nc3 Qb8 43. Nb5 Qa8 44. Na3 Qa5 45. f6+ Kxf6 46. Rf2 Kg7 47. Bg2
Qe1+ 48. Bf1 Qe3 49. Nb5 Nf6 50. Qe2 Qxe2 51. Rxe2 Ngxe4 52. Kg2 Ng5 53. Rc2
Ng4 54. Rc3 Ne4 55. Ra3 h5 56. Be2 Kg6 57. Bxg4 hxg4 58. Ra8 Nd2 59. b3 Ne4 60.
Rg8+ Kf5 61. Rd8 Ra6 62. Rd7 Kf6 63. Rd8 Ke7 64. Rg8 Ra2+ 65. Kg1 Nf6 66. Rb8
Ne4 67. Rb7+ Kf6 68. Rd7 Ra6 69. Kg2 Kg6 70. Rd8 Kg7 71. Rd7 Kg6 72. Rd8 f5 73.
Rg8+ Kf7 74. Rb8 f4 75. Rb7+ Kf6 76. gxf4 exf4 77. Rb8 Kg5 78. Rf8 0-1

[Event "SR 3. liga A2 2018/2019"]
[Site "?"]
[Date "2019.02.10"]
[Round "8.1"]
[White "Suchan, Jozef"]
[Black "Cerny, Patrik"]
[Result "1-0"]
[WhiteElo "1723"]
[BlackElo "1585"]
[PlyCount "113"]
[EventDate "2018.??.??"]

1. d4 Nf6 2. c4 e6 3. Nf3 b6 4. e3 Bb7 5. Bd3 Bb4+ 6. Nc3 O-O 7. O-O d5 8. a3
Bxc3 9. bxc3 c5 10. Rb1 cxd4 11. cxd4 dxc4 12. Bxc4 Qc7 13. Bd3 Nbd7 14. Bd2
Rac8 15. Rc1 Qb8 16. Qe2 Qa8 17. Ne1 Rxc1 18. Bxc1 Rc8 19. Bd2 Nf8 20. f3 Qb8
21. Nc2 e5 22. dxe5 Qxe5 23. Nd4 Ne6 24. Nxe6 Qxe6 25. Rc1 Rxc1+ 26. Bxc1 Nd7
27. e4 Nc5 28. Bc4 Qd6 29. Be3 Bc8 30. Bd5 Be6 31. Qc4 Bxd5 32. Qxd5 Qxd5 33.
exd5 Kf8 34. Bf4 Ke7 35. Kf2 h6 36. Ke2 g5 37. Bb8 a6 38. Ke3 f5 39. Kd4 Nd7
40. Bc7 Kf6 41. g3 Ke7 42. h4 Ke8 43. d6 Kf7 44. Kd5 f4 45. hxg5 fxg3 46. gxh6
g2 47. h7 g1=Q 48. h8=Q Qc5+ 49. Ke4 Nf6+ 50. Kf4 Qd4+ 51. Kf5 Qd3+ 52. Kf4
Qd4+ 53. Kf5 Qd5+ 54. Kf4 Nh5+ 55. Kg4 Qe6+ 56. Kxh5 Qg6+ 57. Kh4 1-0

[Event "SR 3. liga A2 2018/2019"]
[Site "?"]
[Date "2019.02.10"]
[Round "8.2"]
[White "Takacs, Laszlo"]
[Black "Liptak, Tomas"]
[Result "1-0"]
[WhiteElo "2305"]
[BlackElo "2217"]
[PlyCount "75"]
[EventDate "2018.??.??"]

1. e4 c5 2. Nf3 d6 3. d4 cxd4 4. Qxd4 Nc6 5. Bb5 Bd7 6. Qd3 a6 7. Bxc6 bxc6 8.
c4 Qc7 9. Nc3 e5 10. Bg5 Ne7 11. O-O Ng6 12. h4 h5 13. Rad1 f6 14. Bc1 Be7 15.
b3 Bg4 16. Rd2 Nf4 17. Qe3 g5 18. Ba3 Ne6 19. hxg5 Nxg5 20. Nxg5 fxg5 21. c5
dxc5 22. Bxc5 O-O 23. Na4 Rad8 24. Bb6 Qc8 25. Bxd8 Rxd8 26. Rxd8+ Qxd8 27. Qc3
Qd6 28. Rc1 Bd7 29. Qc4+ Kg7 30. Nc5 Be8 31. Qe6 a5 32. Qxd6 Bxd6 33. Nb7 Bb4
34. Nd8 Ba3 35. Rc4 c5 36. Ne6+ Kf6 37. Nxc5 Bb4 38. Rc2 1-0

[Event "SR 3. liga A2 2018/2019"]
[Site "?"]
[Date "2019.02.10"]
[Round "8.2"]
[White "Kovacocy, Pavol"]
[Black "Cibulka, Vladimir"]
[Result "1/2-1/2"]
[WhiteElo "2278"]
[BlackElo "2126"]
[PlyCount "50"]
[EventDate "2018.??.??"]

1. e4 Nf6 2. e5 Nd5 3. d4 d6 4. c4 Nb6 5. exd6 cxd6 6. Nc3 g6 7. Be3 Bg7 8. Rc1
Nc6 9. b3 O-O 10. Be2 e5 11. dxe5 dxe5 12. Qxd8 Rxd8 13. c5 Nd5 14. Nxd5 Rxd5
15. Bc4 Rd8 16. Nf3 h6 17. O-O Bg4 18. Nd2 Nb4 19. Ne4 Nxa2 20. Ra1 Nb4 21. Nd6
Rd7 22. Ra4 Nc6 23. b4 Be6 24. Bb5 Rb8 25. Be2 a6 1/2-1/2